ARRUPE JESUIT UNIVERSITY

CORONAVIRUS -STOP THE SPREAD - CLEAN,DISINFECT,COVER

The legacies of literacy : (Record no. 118363)

MARC details
000 -LEADER
fixed length control field 00867cam a2200289 a 4500
001 - CONTROL NUMBER
control field 547803
003 - CONTROL NUMBER IDENTIFIER
control field ARRUPE
005 - DATE AND TIME OF LATEST TRANSACTION
control field 20131022134230.0
008 - FIXED-LENGTH DATA ELEMENTS--GENERAL INFORMATION
fixed length control field 870330s1987 inua b s001 0 eng
010 ## - LIBRARY OF CONGRESS CONTROL NUMBER
LC control number 85046029
020 ## - INTERNATIONAL STANDARD BOOK NUMBER
International Standard Book Number 0253147336
035 ## - SYSTEM CONTROL NUMBER
System control number (OCoLC)13396165
035 ## - SYSTEM CONTROL NUMBER
System control number (OCoLC)ocm13396165
035 ## - SYSTEM CONTROL NUMBER
System control number (CStRLIN)NYCG87-B27946
035 ## - SYSTEM CONTROL NUMBER
System control number (NNC)547803
040 ## - CATALOGING SOURCE
Original cataloging agency DLC
Transcribing agency DLC
050 0# - LIBRARY OF CONGRESS CALL NUMBER
Classification number LC149
Item number .G63 1986
300 ## - PHYSICAL DESCRIPTION
Other physical details ill. ;
Dimensions 25 cm.
100 1# - MAIN ENTRY--PERSONAL NAME
Personal name Graff, Harvey J.
9 (RLIN) 2592
245 14 - TITLE STATEMENT
Title The legacies of literacy :
Remainder of title continuities and contradictions in western culture and society /
Statement of responsibility, etc Harvey J. Graff.
260 ## - PUBLICATION, DISTRIBUTION, ETC. (IMPRINT)
Place of publication, distribution, etc Bloomington :
Name of publisher, distributor, etc Indiana University Press,
Date of publication, distribution, etc c1987.
300 ## - PHYSICAL DESCRIPTION
Extent x, 493 p. :
500 ## - GENERAL NOTE
General note Includes index.
504 ## - BIBLIOGRAPHY, ETC. NOTE
Bibliography, etc Bibliography: p. 401-485.
650 #0 - SUBJECT ADDED ENTRY--TOPICAL TERM
Topical term or geographic name as entry element Literacy
General subdivision History.
9 (RLIN) 2593
942 ## - ADDED ENTRY ELEMENTS (KOHA)
Source of classification or shelving scheme Library of Congress Classification
Koha item type Monograph ( Printed materials)
Holdings
Withdrawn status Lost status Source of classification or shelving scheme Damaged status Not for loan Home library Current library Shelving location Date acquired Total Checkouts Full call number Barcode Date last seen Price effective from Koha item type
    Library of Congress Classification     ARRUPE LIBRARY ARRUPE LIBRARY Main Collection 22/10/2013   LC149 .G63 1986 46410581 28/06/2018 22/10/2013 Monograph ( Printed materials)

 

Arrupe Library. PO Box MP320 Mt Pleasant, Harare, Zimbabwe
263 242 745411|librarian@aju.ac.zw